| 000 | 00855nam2a22002411 4500 | ||
|---|---|---|---|
| 001 | rc\3793373 | ||
| 005 | 20250530051903.0 | ||
| 035 | _a(NLR Aleph) 007242543 | ||
| 090 |
_a7761176 _c7761176 |
||
| 100 | _a20120311d1975 |||y0rusy50 ca | ||
| 101 | 0 | _arus | |
| 102 | _aRU | ||
| 105 | _ay z ||||| | ||
| 200 | 1 | _aКак бороться с ветровой эрозией почв | |
| 210 |
_aУлан-Удэ _cБурят. кн. изд-во _d1975 |
||
| 461 | 0 |
_1001rc\2628094 _12001#$v[6] _96149915 _aГладков, Ф.В. (1883-1958) _cМосква _d1931 _fФедор Гладков _nНедра _oОчерки _p119 с. _tПисьма о Днепрострое _v[6] |
|
| 700 | 1 |
_aБохиев _bВ.Б. |
|
| 701 | 1 |
_aШагдаров _bМ.Ж. |
|
| 801 | 0 |
_aRU _bNLR _gpsbo |
|
| 801 | 1 |
_aRU _bELAR _2rusmarc |
|
| 852 |
_aNLR _j75-4/13764 |
||
| 942 | _cBOOK | ||
| 980 | _aNB | ||